Statistics for Countries of Europe in 1 AD

Click here to take the quiz!

General Stats

  • This quiz has been taken 15 times
    (14 since last reset)
  • The average score is 3 of 35

Answer Stats

EntityAnswer% Correct
EmpireRoman Empire
100%
KingdomPictland
50%
Tribal CheifdomVandals
33%
Client KingdomCaucasian Albania
17%
KingdomDacia
17%
Tribal ConfederationCantabri
8%
Client KingdomCimmerian Bosphorus
8%
KingdomIberia
8%
Tribal KingdomIceni
8%
Tribal ConfederationSuebi
8%
Tribal ConfederationAlemanni
0%
Tribal ConfederationAstures
0%
Tribal ConfederationBasternae
0%
Tribal ConfederationBelgae
0%
Tribal KingdomBoii
0%
Tribal KingdomBrigantia
0%
Tribal KingdomCaspiane
0%
Tribal KingdomCatuvellauni
0%
KingdomColchis
0%
Client KingdomCommagene
0%
Tribal KingdomCornovii
0%
Tribal KingdomDeceangli
0%
Tribal KingdomFortriu
0%
Tribal KingdomGelonia
0%
Tribal KingdomGetae
0%
Tribal ConfederationHelvetii
0%
Tribal ChiefdomIverni
0%
Client KingdomLazica
0%
KingdomOdrysia
0%
Tribal KingdomOrdovices
0%
Client KingdomPaeonia
0%
Tribal ConfederationSarmatians
0%
Tribal StateScordisci
0%
Tribal KingdomSilures
0%
Tribal KingdomVindelicia
0%

Score Distribution

Percentile by Number Answered

Percent of People with Each Score

Your Score History

You have not taken this quiz since the last reset